000
00238nam a2200097Ia 4500
008
240331s9999 xx 000 0 und d
082
_b
WOR
100
_a
Sri Lanka Foundation. ed
245
0
_a
Worker's participation in management
942
_c
L
999
_c
2365
_d
2365